Resumen general /

Сохранить в:
Библиографические подробности
Главный автор: Frean, Silvia
Формат: Текст
Предметы:
Метки: Добавить метку
Нет меток, Требуется 1-ая метка записи!

MARC

LEADER 00000 a a2200000 04500
001 17396
003
040
100 |a Frean, Silvia  
245 |a Resumen general /  |c Silvia Frean 
650 |a ADOLESCENTES  
650 |a PROBLEMAS SOCIALES  
650 |a DELINCUENCIA  
650 |a DELINCUENCIA JUVENIL  
650 |a DELITOS  
650 |a CASTIGO  
650 |a SANCIONES PENALES  
650 |a ASPECTOS JURIDICOS  
650 |a LEGISLACION  
773 |g número 5; páginas 533-545  
999 |c 24385  |d 24385